| 000 | 00686nab#a2200205#c#4500 | ||
|---|---|---|---|
| 999 |
_c53652 _d53652 |
||
| 003 | IEF | ||
| 005 | 20191203184347.0 | ||
| 008 | 950704s1976 uuu|| #####0 b| |u | ||
| 040 |
_aIEF _cES-MaIEF |
||
| 100 | 1 |
_aÁlvarez Rendueles, José Ramón _91041 |
|
| 245 |
_aAntonio Flores de Lemus y la Comisión Extraparlamentaria para la Transformación del Impuesto de Consumos _cJosé Ramón Álvarez Rendueles |
||
| 260 | _c1976 | ||
| 650 | 4 |
_aHOMENAJES _945439 |
|
| 650 | 4 |
_aFLORES DE LEMUS, ANTONIO (1876-1941) _944347 |
|
| 650 | 4 |
_aIMPUESTO SOBRE EL CONSUMO _946322 |
|
| 773 | 0 |
_tHacienda pública española _w34570 _g42-43, p. 213-228 |
|
| 942 | _2udc | ||
| 942 | _2udc | ||